1939 1377 1787 1360 1568 1375 1280 1262 1373 1478 1750 1305 1279 1861 1182 1658 1790 1879 1785 1473 1186 1945 1606 1123 1472 1152 1054 1454 1684 1165 1769 1988 1857 1134 1105 1996 1455 1758 1147 1039 1484 1841 1649 1872 1609 1199 1860 1936 1052 1358 1677 1450 1293 1192 1090 1059 1423 1112 1194 1404 1020 1180 1790 1596 1185 1000 1307 1995 1658 1040 1418 1322 2000 1913 1418 1996 1919 1319 1291 1550 1869 1339 1000 1777 1520 1407 1917 1778 1163 1108 1006 1019 1280 1634 1253 1048 1734 1299 1721 BCNSPRNW ULIB Ver.6.0+V

เปลี่ยนเป็นภาษาไทย

Change to English
 แสดงรายละเอียดบรรณานุกรม
  กลับหน้าหลัก

Brief Record : Get Marc (ISO 2709) : E-mail record : QR code < ปิดหน้าต่าง
LEADER : 00000nam 2200000uu 4500
001    13399108441
003     ULIB
008    110303s2002||||th 000 0 eng d
020    0827381484
020    9780827381483
060 04 WY159^bP373p 2002
100 1  Potts, Nicki L. and Mandleco, Barbara L.
245 10 Pediatric nursing :^bcaring for children and their families/^Potts, Nicki L. and Mandleco, Barbara L.
260    Australia:^bDelmar Thomson Learning,^c2002.
300    1323 p. :^bcol. ill. ;^c29 cm. +^e1 tear-out poster +1 DVD-ROM (4 3/4 in.)
504    Includes bibliographical references and index
650  0 Pediatric nursing.
650  2 Pediatric Nursing^xmethods
650  2 Child.
650  2 Infant.
650  2 Nursing Assessment^xmethods
700 1   Mandleco, Barbara L.
945    ^p0^l0^i014698
995    Kesorn
999 ^a ใช้งานได้ทุกระบบ
รายการนี้ยังไม่มีแท็ก
คุณยังไม่ได้ล็อกอิน คุณสามารถมีกิจกรรมร่วมกับเว็บไซต์ได้ แต่ต้องล็อกอินก่อน ::
  ล็อกอิน

รายการสื่อสารสนเทศ

ลำดับที่ ประเภท เลขเรียก/บาร์โค้ด สถานที่ สถานะ
1. วิทยาศาสตร์การแพทย์ และสุขภาพ
วิทยาศาสตร์การแพทย์ และสุขภาพ
สถานะ=หนังสือเก่า
WY159 P373p 2002  
  Barcode: 014698
ห้องสมุดวิทยาเขตสวรรค์ประชารักษ์
►ส่วนจัดเก็บหนังสือเก่า สปร
บนชั้น
  ขอยืม

รายการใกล้เคียง
    หัวเรื่อง [Pediatric nursing.]
    หัวเรื่อง [Child.]
    หัวเรื่อง [Infant.]

BibComment


ยังไม่เคยถูกคอมเมนท์

คอมเมนท์ทรัพยากรรายการนี้
  คอมเมนท์: Pediatric nursing..


 Copyright 2026. Bcnsprnw @Library